| 000 | 00741nam a2200193 4500 | ||
|---|---|---|---|
| 001 | 124015 | ||
| 003 | ES-MaACL | ||
| 007 | t| | ||
| 008 | 070214s1974 sp r ||||1| spa d | ||
| 100 | 1 |
_aRamo, Simón. _995198 |
|
| 245 | 1 | 0 |
_aCampos y ondas _b: aplicación a las comunicaciones electrónicas / _cSimón Ramo, John R. Whinnery, Thedore van Duzer ; traducción de José Luis Marín Galán con la colaboración de Arsenio Martín Pérez. |
| 260 |
_aMadrid : _bPirámide, _c1974. |
||
| 300 |
_a767 p. : _bil. ; _c24 cm. |
||
| 700 | 1 |
_aWhinnery, John R. _9116634 |
|
| 700 | 1 |
_aDuzer, Theodore van. _946398 |
|
| 700 | 1 |
_aMarín Galán, José Luis. _976787 |
|
| 700 | 1 |
_aMartín Pérez, Arsenio. _977604 |
|
| 852 |
_aES-MaACL _jE-6487 _bR.91085 |
||
| 999 |
_c124015 _d124015 |
||